[Event "Skakligaen 2005/06"]
[Site "Denmark"]
[Date "2006.03.19"]
[Round "9.8"]
[White "Bekker Jensen, Anne"]
[Black "Sogaard, Soren"]
[Result "1/2-1/2"]
[WhiteElo "1995"]
[BlackElo "2247"]
[PlyCount "39"]
[EventDate "2005.11.05"]
[EventType "team"]
[EventRounds "9"]
[EventCountry "DEN"]
[WhiteTeam "Helsinge"]
[BlackTeam "SK1968"]
[WhiteTeamCountry "DEN"]
[BlackTeamCountry "DEN"]

1. d4 d5 2. c4 c6 3. Nc3 Nf6 4. e3 g6 5. Nf3 Bg7 6. Be2 O-O 7. O-O a6 8. a4 Ne4
9. Qb3 Nxc3 10. bxc3 e6 11. cxd5 cxd5 12. c4 Nc6 13. Ba3 Re8 14. cxd5 exd5 15.
Bc5 Rb8 16. Bb6 Qd6 17. Bc5 Qd8 18. Bb6 Qd6 19. Bc5 Qd8 20. Bb6 1/2-1/2

[Event "Skakligaen 2005/06"]
[Site "Denmark"]
[Date "2006.03.19"]
[Round "9.1"]
[White "Hansen, Sune Berg"]
[Black "Rasmussen, Karsten"]
[Result "0-1"]
[WhiteElo "2558"]
[BlackElo "2455"]
[PlyCount "90"]
[EventDate "2005.11.05"]
[EventType "team"]
[EventRounds "9"]
[EventCountry "DEN"]
[WhiteTeam "Helsingor"]
[BlackTeam "Skolerne"]
[WhiteTeamCountry "DEN"]
[BlackTeamCountry "DEN"]

1. e4 c6 2. d3 d5 3. Nd2 e5 4. Ngf3 Bd6 5. d4 exd4 6. exd5 cxd5 7. Nxd4 Nc6 8.
N2b3 Nf6 9. Bg5 O-O 10. Be2 h6 11. Bh4 Ne5 12. O-O Ng6 13. Bg3 Ne4 14. Bxd6
Qxd6 15. f3 Ng5 16. Re1 Nf4 17. Bf1 a5 18. a4 Bd7 19. Qd2 b6 20. Bb5 Bxb5 21.
Nxb5 Qf6 22. N3d4 h5 23. Kh1 h4 24. h3 Nge6 25. Re3 Rac8 26. Rae1 Qg6 27. Re5
Kh7 28. Nf5 Qf6 29. Nfd6 Rc6 30. Rf5 Qg6 31. Ree5 f6 32. Rxe6 Nxe6 33. Qxd5 Rc5
34. Qxe6 Rxc2 35. g4 hxg3 36. Qe3 Rh2+ 37. Kg1 Rxh3 38. Qf4 g2 39. Qg4 Qh6 40.
Qxg2 Qc1+ 41. Kf2 Qxb2+ 42. Kg1 Qc1+ 43. Kf2 Qd2+ 44. Kf1 Qd1+ 45. Kf2 Rh1 0-1

[Event "Skakligaen 2005/06"]
[Site "Denmark"]
[Date "2006.03.19"]
[Round "9.2"]
[White "Sorensen, Jan"]
[Black "Mortensen, Erling"]
[Result "0-1"]
[WhiteElo "2416"]
[BlackElo "2474"]
[PlyCount "150"]
[EventDate "2005.11.05"]
[EventType "team"]
[EventRounds "9"]
[EventCountry "DEN"]
[WhiteTeam "Skolerne"]
[BlackTeam "Helsingor"]
[WhiteTeamCountry "DEN"]
[BlackTeamCountry "DEN"]

1. e4 c5 2. Nf3 e6 3. d4 cxd4 4. Nxd4 a6 5. Be2 b5 6. f4 Bb7 7. Bf3 Nc6 8. Nb3
d6 9. a4 b4 10. a5 Nf6 11. O-O Be7 12. Be3 O-O 13. c4 Nd7 14. N1d2 Kh8 15. Nd4
Nxd4 16. Bxd4 e5 17. Be3 exf4 18. Bxf4 Nc5 19. Qc2 Bg5 20. Bg3 Qe7 21. Rae1 Bf6
22. e5 Bxe5 23. Bxb7 Nxb7 24. Qa4 Qc7 25. Qxb4 Bxg3 26. hxg3 Nxa5 27. Rf5 Nc6
28. Qc3 Ne5 29. c5 f6 30. Ne4 dxc5 31. Qxc5 Qb7 32. Nd6 Qxb2 33. Qd5 Qb6+ 34.
Kh2 Rad8 35. Rexe5 Rxd6 36. Qf7 Qd8 37. Qe7 h6 38. Re4 Qxe7 39. Rxe7 Ra8 40.
Rc5 a5 41. Rcc7 Rg8 42. Ra7 Rd5 43. Re4 Rc8 44. Rg4 Rc1 45. Ra4 Rh5+ 46. Rh4
Rxh4+ 47. gxh4 Rc5 48. Kg3 Kh7 49. Kg4 h5+ 50. Kh3 Kh6 51. Ra6 Rf5 52. g3 g5
53. hxg5+ Kxg5 54. Ra8 Rd5 55. Rg8+ Kf5 56. Kh4 Ke4 57. Rf8 Rf5 58. Rd8 Ke3 59.
Rd6 Ke4 60. Rd8 Rd5 61. Rf8 Kd3 62. Rxf6 Kc3 63. Ra6 Kb4 64. Rb6+ Rb5 65. Rf6
a4 66. Rf4+ Ka5 67. Rf3 Rc5 68. Rf8 a3 69. Ra8+ Kb4 70. Rb8+ Rb5 71. Ra8 Kb3
72. Rf8 a2 73. Rf3+ Ka4 74. Rf1 Rb1 75. Rf4+ Rb4 0-1

[Event "Skakligaen 2005/06"]
[Site "Denmark"]
[Date "2006.03.19"]
[Round "9.3"]
[White "Holmsgaard, Henrik"]
[Black "Glud, Jakob Vang"]
[Result "0-1"]
[WhiteElo "2344"]
[BlackElo "2346"]
[PlyCount "72"]
[EventDate "2005.11.05"]
[EventType "team"]
[EventRounds "9"]
[EventCountry "DEN"]
[WhiteTeam "Helsingor"]
[BlackTeam "Skolerne"]
[WhiteTeamCountry "DEN"]
[BlackTeamCountry "DEN"]

1. e4 e6 2. d3 d5 3. Qe2 dxe4 4. dxe4 b6 5. Nf3 Ba6 6. c4 Bb4+ 7. Nbd2 Nc6 8.
a3 Be7 9. g3 Nf6 10. Bg2 Nd7 11. O-O Nde5 12. Nxe5 Nxe5 13. b3 Qd3 14. Re1 Qxe2
15. Rxe2 Nd3 16. Nf3 Nxc1 17. Rxc1 Rd8 18. Ne1 e5 19. Bf1 O-O 20. Nc2 Bb7 21.
Nb4 a5 22. Nc2 Rd3 23. b4 axb4 24. axb4 Rc3 25. Ree1 Rd8 26. Ne3 Rxc1 27. Rxc1
Bxb4 28. Nd5 Bc5 29. Be2 c6 30. Nc3 Bd4 31. Kf1 Ra8 32. f3 Ra3 33. Nd1 Kf8 34.
Nf2 Ba6 35. Nd3 c5 36. f4 f6 0-1

[Event "Skakligaen 2005/06"]
[Site "Denmark"]
[Date "2006.03.19"]
[Round "9.4"]
[White "Ochsner, Thomas"]
[Black "Nielsen, Nicholas Roland"]
[Result "1-0"]
[WhiteElo "2347"]
[BlackElo "2172"]
[PlyCount "53"]
[EventDate "2005.11.05"]
[EventType "team"]
[EventRounds "9"]
[EventCountry "DEN"]
[WhiteTeam "Skolerne"]
[BlackTeam "Helsingor"]
[WhiteTeamCountry "DEN"]
[BlackTeamCountry "DEN"]

1. e4 c5 2. Nf3 Nc6 3. c3 d5 4. exd5 Qxd5 5. d4 e6 6. Be3 cxd4 7. cxd4 Nf6 8.
Nc3 Qd6 9. a3 Be7 10. Bd3 O-O 11. O-O b6 12. Qe2 Bb7 13. Rad1 Rad8 14. Rfe1
Rfe8 15. h3 Qb8 16. Bg5 g6 17. Bc4 Nd5 18. Bxd5 exd5 19. Qd2 Ba6 20. Ne5 Na5
21. Bxe7 Rxe7 22. Qg5 Re6 23. Ng4 Qd6 24. Rxe6 fxe6 25. Qf6 Qf8 26. Qxe6+ Kh8
27. Nxd5 1-0

[Event "Skakligaen 2005/06"]
[Site "Denmark"]
[Date "2006.03.19"]
[Round "9.5"]
[White "Larsen, Ole Bogh"]
[Black "Christensen, Tobias"]
[Result "1-0"]
[WhiteElo "2202"]
[BlackElo "2322"]
[PlyCount "91"]
[EventDate "2005.11.05"]
[EventType "team"]
[EventRounds "9"]
[EventCountry "DEN"]
[WhiteTeam "Helsingor"]
[BlackTeam "Skolerne"]
[WhiteTeamCountry "DEN"]
[BlackTeamCountry "DEN"]

1. e4 d6 2. d4 g6 3. c3 Nf6 4. Bd3 Bg7 5. Nf3 a6 6. O-O c5 7. Re1 cxd4 8. cxd4
O-O 9. h3 Nc6 10. Nc3 e5 11. dxe5 dxe5 12. Bc4 Qxd1 13. Rxd1 b5 14. Bd5 Nxd5
15. Nxd5 Bb7 16. Be3 f6 17. Rac1 Rf7 18. a4 Bf8 19. axb5 axb5 20. Bc5 Bh6 21.
Rc2 f5 22. Bd6 fxe4 23. Nxe5 Nxe5 24. Bxe5 Bg7 25. Bxg7 Kxg7 26. Nc7 Rb8 27. b4
Re7 28. Rc5 Rc8 29. Rdc1 Kf7 30. Nxb5 Rxc5 31. Rxc5 Ke6 32. Kh2 Rd7 33. Rc7
Rxc7 34. Nxc7+ Ke5 35. Kg3 h6 36. Nb5 g5 37. Nc3 Kd4 38. Nd1 Kc4 39. Ne3+ Kxb4
40. Kg4 Kc3 41. Kh5 Kd3 42. Kxh6 g4 43. Nxg4 Ke2 44. Kg5 e3 45. Nxe3 Kxf2 46.
Kf4 1-0

[Event "Skakligaen 2005/06"]
[Site "Denmark"]
[Date "2006.03.19"]
[Round "9.6"]
[White "Rasmussen, Casper Dahl"]
[Black "Jorgensen, Michael"]
[Result "1-0"]
[WhiteElo "2324"]
[BlackElo "2185"]
[PlyCount "85"]
[EventDate "2005.11.05"]
[EventType "team"]
[EventRounds "9"]
[EventCountry "DEN"]
[WhiteTeam "Skolerne"]
[BlackTeam "Helsingor"]
[WhiteTeamCountry "DEN"]
[BlackTeamCountry "DEN"]

1. c4 f5 2. g3 Nf6 3. Bg2 g6 4. Nc3 Bg7 5. d3 d6 6. e4 e5 7. Nge2 O-O 8. O-O
Nc6 9. Nd5 Ne7 10. Nxe7+ Qxe7 11. exf5 gxf5 12. f4 c6 13. d4 e4 14. d5 cxd5 15.
cxd5 Qc7 16. Be3 Qc4 17. b3 Qxd5 18. Nc3 Qa5 19. Rc1 d5 20. Bd4 Be6 21. Qd2 Rf7
22. Nxe4 Qxd2 23. Nxd2 Ne4 24. Nf3 Bf8 25. Rc2 a5 26. Ne5 Rg7 27. a4 h5 28. Nf3
Rh7 29. Rfc1 Ba3 30. Bb2 Bd6 31. Be5 Ba3 32. Rd1 Bb4 33. Nd4 Bd7 34. Rc7 b6 35.
Nf3 Bc5+ 36. Bd4 Rf8 37. Ng5 Rg7 38. Bxe4 fxe4 39. Rxc5 Rxg5 40. Rc7 Bg4 41.
fxg5 Bxd1 42. Rg7+ Kh8 43. g6 1-0

[Event "Skakligaen 2005/06"]
[Site "Denmark"]
[Date "2006.03.19"]
[Round "9.7"]
[White "Petersen, Aage"]
[Black "Pedersen, Finn"]
[Result "0-1"]
[WhiteElo "1948"]
[BlackElo "2315"]
[PlyCount "78"]
[EventDate "2005.11.05"]
[EventType "team"]
[EventRounds "9"]
[EventCountry "DEN"]
[WhiteTeam "Helsingor"]
[BlackTeam "Skolerne"]
[WhiteTeamCountry "DEN"]
[BlackTeamCountry "DEN"]

1. d4 c6 2. e4 d5 3. exd5 cxd5 4. Bf4 Nc6 5. c3 Nf6 6. Bd3 Bg4 7. Qb3 Na5 8.
Qa4+ Bd7 9. Qc2 e6 10. Nd2 Rc8 11. Ngf3 Be7 12. O-O O-O 13. Rfe1 b5 14. a3 Nc4
15. Nxc4 bxc4 16. Bf1 Qa5 17. Ne5 Qa4 18. Qc1 Nh5 19. Bd2 Rb8 20. Be2 Nf6 21.
Bd1 Qb5 22. Rb1 Bxa3 23. Nxd7 Nxd7 24. Bf4 Rb6 25. Bc2 Bd6 26. Bxd6 Rxd6 27.
Qf4 Qb8 28. Qh4 g6 29. Re3 Qd8 30. Qf4 Qe7 31. Rh3 Rb8 32. Qh6 Nf8 33. f4 Rdb6
34. b4 cxb3 35. Bd3 a5 36. g4 f5 37. gxf5 exf5 38. Kf2 b2 39. Re3 Re6 0-1

[Event "Skakligaen 2005/06"]
[Site "Denmark"]
[Date "2006.03.19"]
[Round "9.8"]
[White "Jacobsen, Bo"]
[Black "Mortensen, Henrik"]
[Result "1-0"]
[WhiteElo "2279"]
[BlackElo "1943"]
[PlyCount "71"]
[EventDate "2005.11.05"]
[EventType "team"]
[EventRounds "9"]
[EventCountry "DEN"]
[WhiteTeam "Skolerne"]
[BlackTeam "Helsingor"]
[WhiteTeamCountry "DEN"]
[BlackTeamCountry "DEN"]

1. g3 d5 2. Nf3 Nf6 3. Bg2 c6 4. c4 dxc4 5. a4 Bf5 6. Na3 e6 7. Nxc4 h6 8. Qb3
Qc7 9. d4 Na6 10. O-O Rd8 11. Bf4 Qc8 12. Rfc1 Bb4 13. Nfe5 O-O 14. Nd3 Bxd3
15. Qxd3 Qd7 16. e3 g5 17. Be5 Ng4 18. Qe2 Nxe5 19. Nxe5 Qe7 20. Nxc6 bxc6 21.
Qxa6 c5 22. dxc5 Bxc5 23. Rc2 Rd7 24. Rac1 Bb4 25. Rc8 Rxc8 26. Rxc8+ Kg7 27.
Rb8 Rc7 28. Qb5 a5 29. Qe5+ f6 30. Qe4 Qd6 31. Qa8 f5 32. Rh8 Qe7 33. Qg8+ Kf6
34. Rxh6+ Ke5 35. Qh8+ Kd6 36. Qd4# 1-0